|
|
|
|
| LEADER |
01615nam a22003732a 4500 |
| 001 |
000802389 |
| 003 |
CZ BrMZK |
| 005 |
20150424115050.0 |
| 007 |
ta |
| 008 |
051220s1957 xr af er|||||||||||cze d |
| 015 |
|
|
|a cnb000682125
|
| 035 |
|
|
|a (OCoLC)85459515
|
| 040 |
|
|
|a ABA001
|b cze
|c ABA001
|d ABA001
|d BOA001
|
| 072 |
|
7 |
|a 796
|x Sport. Hry. Tělesná cvičení
|2 Konspekt
|9 20
|
| 080 |
|
|
|a 796.032.2
|2 MRF
|
| 080 |
|
|
|a (94)
|2 MRF
|
| 100 |
1 |
|
|a Bureš, Karel,
|d 1909-2000
|7 jk01020304
|4 aut
|
| 245 |
1 |
0 |
|a Setkání pod Jižním křížem, aneb, Vyprávění o Australii, olympijských hrách v Melbournu a o věcech a lidech v pozadí této události /
|c Karel Bureš ; ilustroval, přebal a vazbu navrhl a fotografie vybral Jan Fischer
|
| 250 |
|
|
|a 1. vyd.
|
| 260 |
|
|
|a Praha :
|b Mladá fronta,
|c 1957
|
| 300 |
|
|
|a 124 s., obr. příl. :
|b il.
|
| 490 |
1 |
|
|a Otázky dneška ;
|v sv. 51
|
| 500 |
|
|
|a Dostupné též v digitální podobě v aplikaci Kramerius
|
| 650 |
0 |
7 |
|a olympijské hry
|7 ph115588
|2 czenas
|
| 655 |
|
7 |
|a monografie
|7 fd132842
|2 czenas
|
| 651 |
|
7 |
|a Austrálie
|7 ge128695
|2 czenas
|
| 700 |
1 |
|
|a Fischer, Jan,
|d 1907-1960
|7 jn19981228074
|4 ill
|
| 830 |
|
0 |
|a Otázky dneška (Mladá fronta)
|0 s
|
| 856 |
4 |
1 |
|u http://www.digitalniknihovna.cz/mzk/uuid/uuid:ffbba1c0-b84e-11ed-b0d3-5ef3fc9bb22f
|y Digitalizovaný dokument
|x NDK
|
| 910 |
|
|
|a BOA001
|b 2-0384.768
|
| 990 |
|
|
|a BK
|
| 991 |
|
|
|b 200512
|
| 996 |
7 |
|
|b 2618743716
|c 2-0384.768
|l MZK
|r Sklad / do 24 hodin
|n 0
|w 000802389
|u 000020
|a 1
|e BOA001
|j MZK50
|s A
|
| 996 |
6 |
|
|b 2619251118
|c 2-0384.768
|l MZK
|r Sklad / do 24 hodin
|n 2
|w 000802389
|u 000010
|a 1
|e BOA001
|j MZK50
|s P
|